000
00307nam a2200133Ia 4500
005
20251222143244.0
008
251222s9999||||xx |||||||||||||| ||spa||
020
_a
958-42-0182-4
082
_a
869.813/B42N/1
100
_a
Benedetti, Mario
245
0
_a
Inventario Uno:
264
_b
Planeta
942
_c
LIB
999
_c
14698
_d
14698